000 00700nam a2200289Ia 4500
005 20260324122142.0
008 008 260324s9999 xx 000 0 eng d
020 _a9780203163801
037 _aEBOOK
040 _aCRL
040 _beng
040 _cCRL
041 _2eng
041 _aeng
084 _qCRL
100 _aSue Dale Tunnicliffe
_91165322
245 0 _aTalking and Doing Science in the Early Years
245 2 _bA practical guide for ages 2-7
260 _bTaylor and Francis
260 _c2013
365 _a
365 _b280
856 _uhttp://www.taylorfrancis.com/books/9780203163801
942 _cEBOOK
999 _c1757852
_d1757852